Halo Trivia Quiz - Statistics

General Stats
  • This quiz has been taken 5,955 times
    5,950 since last reset
  • The average score is 10 of 16
Answer Stats
Question Answer % Correct
What is the first name of the Master Chief? John
98%
Which Halo was set entirely surrounding, and in, the city of New Mombasa? Halo 3: ODST
86%
Who was the female doctor who created the Spartans? Dr. Catherine Elizabeth Halsey
76%
Which group, or race, created the Halo Rings? The Forerunners
76%
In what year was the first Halo game released? 2001
74%
Chronologically in the Halo Universe, which game follows Halo: Reach? Halo: Combat Evolved
74%
What is the name of the Internet Machinima based in Halo, made by the company Rooster Teeth? Red vs Blue
72%
Which company has taken over from Bungie in the Halo franchise? 343 Industries
69%
What does ODST stand for? Orbital Drop Shock Trooper
61%
In Halo: Combat Evolved, what weapon does Captain Keyes pick up after being freed from the Covenant Ship Prison? A Needler
58%
Which character says this? "I have defied gods and demons. I am your shield; I am your sword. I know you; your past, your future. This is the way the world ends. "? Cortana
55%
What does IWHBYD stand for? I Would Have Been Your Daddy
48%
What medal do you get when you kill 10 players within 4 seconds of eachother in multiplayer? Killionaire
40%
What is the name of the animated Halo film? Halo: Legends
39%
Which Oscar Nominated, 2009 film was originally meant to be a Halo movie? District 9
23%
What is the name of the voice actor for the Announcer in many of Halo's multiplayer games? Jeff Steitzer
8%
No matching quizzes found
Score Distribution
Percent of People with Each Score
Percentile by Number Answered
Your Score History
You have not taken this quiz since the last reset